[Event "Sachsen-Anhalt-ch (Women)"]
[Site "Magdeburg"]
[Date "2022.10.30"]
[Round "4"]
[White "Eue, Vicky"]
[Black "Hoffmann, Svenja"]
[Result "1-0"]
[WhiteElo "1678"]
[BlackElo "1339"]
[PlyCount "115"]
[EventDate "2022.10.29"]
[EventType "tourn"]
[EventRounds "7"]
[EventCountry "GER"]
[SourceTitle "CBM 211 Extra"]
[Source "ChessBase"]
[SourceDate "2023.01.31"]
[SourceVersion "1"]
[SourceVersionDate "2023.01.31"]
[SourceQuality "1"]

1. e4 e5 2. Nf3 Nc6 3. d4 exd4 4. Nxd4 Bc5 5. Nxc6 Qf6 6. Qe2 bxc6 7. e5 Qg6 8. g3 Ne7 9. Bg2 0-0 10. Qe4 Re8 11. 0-0 Bb7 12. Kh1 d5 13. Qxg6 Nxg6 14. f4 Ne7 15. Nc3 Nf5 16. Na4 Bb6 17. Nxb6 cxb6 18. c3 c5 19. c4 Rad8 20. Rd1 Nd4 21. Bd2 Ba8 22. cxd5 Bxd5 23. Bxd5 Rxd5 24. Bc3 Red8 25. Rd2 Nf5 26. Rad1 Ne3 27. Rxd5 Nxd5 28. Kg1 Kf8 29. Kf2 Ke7 30. Kf3 h5 31. h3 g6 32. Be1 Ke6 33. g4 hxg4+ 34. hxg4 Rd7 35. Bg3 a5 36. f5+ gxf5 37. gxf5+ Kxf5 38. Rh1 f6 39. Rh5+ Ke6 40. Ke4 b5 41. Rh6 Rg7 42. exf6 Nxf6+ 43. Rxf6+ Kxf6 44. Be5+ Kf7 45. Bxg7 Kxg7 46. Kd5 c4 47. a3 Kf7 48. Kc5 b4 49. axb4 axb4 50. Kxc4 b3 51. Kxb3 Ke6 52. Kc4 Kd7 53. Kb5 Kc7 54. Ka6 Kb8 55. b4 Kc7 56. b5 Kb8 57. Kb6 Kc8 58. Ka7 1-0

[Event "Sachsen-Anhalt-ch (Women)"]
[Site "Magdeburg"]
[Date "2022.10.29"]
[Round "2"]
[White "Eue, Vicky"]
[Black "Voigt, Anastasia"]
[Result "1/2-1/2"]
[WhiteElo "1678"]
[BlackElo "1804"]
[PlyCount "75"]
[EventDate "2022.10.29"]
[EventType "tourn"]
[EventRounds "7"]
[EventCountry "GER"]
[SourceTitle "CBM 211 Extra"]
[Source "ChessBase"]
[SourceDate "2023.01.31"]
[SourceVersion "1"]
[SourceVersionDate "2023.01.31"]
[SourceQuality "1"]

1. e4 e5 2. Nf3 Nc6 3. Bb5 a6 4. Ba4 Nf6 5. 0-0 Be7 6. Re1 b5 7. Bb3 d6 8. h3 Na5 9. c3 Nxb3 10. axb3 0-0 11. d4 exd4 12. cxd4 Bb7 13. Nbd2 Re8 14. Nh2 Bf8 15. f3 c5 16. d5 g6 17. Ndf1 Bg7 18. Be3 Nh5 19. Qd2 a5 20. g4 Nf6 21. Ng3 Nd7 22. Bg5 Qb6 23. h4 Ne5 24. h5 c4+ 25. Be3 Qd8 26. h6 Bh8 27. g5 Nd3 28. Ng4 Nxe1 29. Rxe1 Bc8 30. Bd4 Bxg4 31. Bxh8 Kxh8 32. Qd4+ f6 33. gxf6 Re5 34. f4 Qxf6 35. fxe5 dxe5 36. Qc3 cxb3 37. Rf1 Qg5 38. Qc6 1/2-1/2

[Event "GER-chT Lands U20"]
[Site "Hannover"]
[Date "2017.10.03"]
[Round "6.4"]
[White "Eue, Vicky"]
[Black "Wu, Luka"]
[Result "0-1"]
[WhiteElo "1689"]
[BlackElo "1918"]
[PlyCount "68"]
[EventDate "2017.09.29"]
[EventType "team-swiss"]
[EventRounds "7"]
[EventCountry "GER"]
[SourceTitle "EXT 2018"]
[Source "ChessBase"]
[SourceDate "2017.10.13"]
[SourceVersion "1"]
[SourceVersionDate "2017.10.13"]
[SourceQuality "1"]
[WhiteTeam "Brandenburg U20"]
[BlackTeam "Baden U20 II"]
[WhiteTeamCountry "GER"]
[BlackTeamCountry "GER"]

1. e4 c5 2. Nf3 d6 3. d4 cxd4 4. Nxd4 Nf6 5. Nc3 a6 6. Bc4 e6 7. Be3 Be7 8. f3 b5 9. Bb3 0-0 10. Qd2 Bb7 11. g4 Nbd7 12. g5 Nh5 13. a3 Nb6 14. Rg1 g6 15. Nxe6 fxe6 16. Bxe6+ Rf7 17. Bxf7+ Kxf7 18. 0-0-0 Kg8 19. Qe2 Nc4 20. f4 Ng7 21. h4 Qd7 22. Bd4 Bf8 23. Bf6 Qh3 24. e5 dxe5 25. fxe5 Bc5 26. Rd3 Qxh4 27. Rgd1 Ne6 28. Rd7 Bc6 29. Rd8+ Rxd8 30. Rxd8+ Nxd8 31. e6 Be3+ 32. Kb1 Nxe6 33. Qd3 Qe1+ 34. Ka2 Qd2 0-1

[Event "GER-ch U16 Girls"]
[Site "Oberhof"]
[Date "2012.06.02"]
[Round "9"]
[White "Steimbach, Isabel"]
[Black "Eue, Vicky"]
[Result "1-0"]
[WhiteElo "1759"]
[BlackElo "1586"]
[PlyCount "95"]
[EventDate "2012.05.27"]
[EventType "swiss"]
[EventRounds "9"]
[EventCountry "GER"]
[SourceTitle "CBM 148 Extra"]
[Source "ChessBase"]
[SourceDate "2012.06.22"]
[SourceVersion "1"]
[SourceVersionDate "2012.06.22"]
[SourceQuality "1"]

1. e4 e6 2. d4 d5 3. e5 c5 4. c3 Nc6 5. Nf3 Qb6 6. a3 Nge7 7. b4 cxd4 8. cxd4 Nf5 9. Bb2 Bd7 10. Be2 Be7 11. 0-0 0-0 12. Qd3 Rac8 13. Nbd2 a5 14. b5 Na7 15. a4 Bb4 16. Nb3 Rc7 17. g4 Ne7 18. h4 Ng6 19. Ng5 Be7 20. Ba3 Bxg5 21. hxg5 Rfc8 22. Bc5 Rxc5 23. dxc5 Qd8 24. f4 h6 25. gxh6 gxh6 26. Qh3 Kg7 27. Bd3 Qe7 28. Rac1 Qd8 29. Kh2 Nh4 30. Kg3 Ng6 31. Rh1 Qh8 32. Nxa5 Rb8 33. g5 hxg5 34. Qxh8+ Rxh8 35. Bxg6 gxf4+ 36. Kxf4 Rxh1 37. Rxh1 fxg6 38. Nxb7 Nxb5 39. axb5 Bxb5 40. Nd8 Bd7 41. c6 Bc8 42. c7 Kf8 43. Nxe6+ Bxe6 44. Rh8+ Ke7 45. c8Q Bxc8 46. Rxc8 Ke6 47. Rc6+ Ke7 48. Rxg6 1-0

[Event "GER-ch U16 Girls"]
[Site "Oberhof"]
[Date "2012.05.29"]
[Round "5"]
[White "Lehmann, Patricia"]
[Black "Eue, Vicky"]
[Result "0-1"]
[WhiteElo "1610"]
[BlackElo "1586"]
[PlyCount "68"]
[EventDate "2012.05.27"]
[EventType "swiss"]
[EventRounds "9"]
[EventCountry "GER"]
[SourceTitle "CBM 148 Extra"]
[Source "ChessBase"]
[SourceDate "2012.06.22"]
[SourceVersion "1"]
[SourceVersionDate "2012.06.22"]
[SourceQuality "1"]

1. d4 Nf6 2. Nf3 g6 3. c4 Bg7 4. Nc3 d5 5. e3 b6 6. Be2 0-0 7. 0-0 Bb7 8. Ne5 Nc6 9. Nxc6 Bxc6 10. Qc2 Re8 11. Rd1 Bb7 12. b3 e5 13. dxe5 Rxe5 14. Bb2 d4 15. exd4 Rg5 16. d5 Qd7 17. Rd3 Qf5 18. h4 Ng4 19. Bd1 Re8 20. Bxg4 Rxg4 21. Qd2 Rxh4 22. Rd1 Qh5 23. Rh3 Rxh3 24. gxh3 Qxh3 25. Re1 Be5 26. f4 Bd4+ 27. Qxd4 Rxe1+ 28. Kf2 Qf1+ 29. Kg3 Qg1+ 30. Qxg1 Rxg1+ 31. Kf2 Rh1 32. Kg2 Rh5 33. Nb5 c6 34. d6 cxb5+ 0-1

[Event "GER-chB U25"]
[Site "Oberhof"]
[Date "2011.06.18"]
[Round "9"]
[White "Nabinger, Annalena"]
[Black "Eue, Vicky"]
[Result "1-0"]
[WhiteElo "1233"]
[BlackElo "1296"]
[PlyCount "49"]
[EventDate "2011.06.11"]
[EventType "swiss"]
[EventRounds "9"]
[EventCountry "GER"]
[SourceTitle "CBM 142 Extra"]
[Source "ChessBase"]
[SourceDate "2011.06.27"]
[SourceVersion "1"]
[SourceVersionDate "2011.06.27"]
[SourceQuality "1"]

1. e4 e6 2. d4 d5 3. e5 c5 4. c3 Nc6 5. Nf3 Qb6 6. Bd3 Bd7 7. 0-0 cxd4 8. cxd4 Nxd4 9. Nxd4 Qxd4 10. Nc3 Qxe5 11. Re1 Qc7 12. Nxd5 Qa5 13. Re5 Bd6 14. Nf6+ Nxf6 15. Rxa5 b6 16. Rg5 g6 17. Bxg6 Be7 18. Bc2 Rd8 19. Qf3 h6 20. Rg3 Rc8 21. Bb3 Bc6 22. Qc3 Bb7 23. Ba4+ Kf8 24. Qd2 Ne4 25. Qxh6+ 1-0

[Event "GER-chB U25"]
[Site "Oberhof"]
[Date "2011.06.17"]
[Round "8"]
[White "Eue, Vicky"]
[Black "Maiwald, Lars"]
[Result "1-0"]
[WhiteElo "1296"]
[BlackElo "940"]
[PlyCount "117"]
[EventDate "2011.06.11"]
[EventType "swiss"]
[EventRounds "9"]
[EventCountry "GER"]
[SourceTitle "CBM 142 Extra"]
[Source "ChessBase"]
[SourceDate "2011.06.27"]
[SourceVersion "1"]
[SourceVersionDate "2011.06.27"]
[SourceQuality "1"]

1. e4 Nf6 2. e5 Nd5 3. d4 d6 4. Nf3 dxe5 5. Nxe5 Nc6 6. Bb5 Bd7 7. Qf3 Nxe5 8. Qxd5 Bxb5 9. Qxb5+ Nd7 10. Qxb7 g6 11. Nd2 Bg7 12. c3 0-0 13. 0-0 Re8 14. Nf3 e5 15. Qd5 exd4 16. cxd4 Nf6 17. Qxd8 Raxd8 18. Bf4 Nd5 19. Bg3 Ne7 20. Bxc7 Rd7 21. Be5 Bxe5 22. dxe5 Nc6 23. Rfe1 Nd4 24. Nxd4 Rxd4 25. Re2 f6 26. e6 Kf8 27. f3 Rd6 28. Rae1 Ke7 29. Kf2 Red8 30. g4 Rd2 31. Rxd2 Rxd2+ 32. Re2 Rd5 33. h4 h5 34. gxh5 Rxh5 35. Kg3 g5 36. hxg5 Rxg5+ 37. Kf4 Rd5 38. Ke4 Re5+ 39. Kd3 Rf5 40. Re3 Rf4 41. a3 a5 42. b3 Rh4 43. Kc3 Rh5 44. b4 axb4+ 45. axb4 f5 46. Kd4 Rh4+ 47. Kc5 Rh5 48. Re5 Rg5 49. Kd5 Rh5 50. b5 Rh1 51. Rxf5 Rd1+ 52. Kc6 Kxe6 53. Rc5 Rd6+ 54. Kb7 Rd3 55. f4 Kd6 56. Rc6+ Kd7 57. f5 Rf3 58. f6 Ke8 59. Kc7 1-0

[Event "GER-chB U25"]
[Site "Oberhof"]
[Date "2011.06.16"]
[Round "7"]
[White "Cejda, Moritz"]
[Black "Eue, Vicky"]
[Result "1-0"]
[WhiteElo "1179"]
[BlackElo "1296"]
[PlyCount "83"]
[EventDate "2011.06.11"]
[EventType "swiss"]
[EventRounds "9"]
[EventCountry "GER"]
[SourceTitle "CBM 142 Extra"]
[Source "ChessBase"]
[SourceDate "2011.06.27"]
[SourceVersion "1"]
[SourceVersionDate "2011.06.27"]
[SourceQuality "1"]

1. e4 e6 2. d3 d5 3. Nd2 c5 4. Ngf3 Nc6 5. g3 Nf6 6. Bg2 Be7 7. 0-0 0-0 8. e5 Nd7 9. Re1 f6 10. c4 fxe5 11. cxd5 exd5 12. Qb3 Nf6 13. Nxe5 Nd4 14. Qd1 Bd6 15. Nb3 Bxe5 16. Rxe5 Qd6 17. Bf4 Qd8 18. Nxc5 Nc6 19. Re1 b6 20. Ne6 Bxe6 21. Rxe6 Nd4 22. Rd6 Qe7 23. Kf1 Rfe8 24. Rxd5 Nxd5 25. Bxd5+ Kf8 26. Bxa8 Rxa8 27. Be3 Rd8 28. Bxd4 Rxd4 29. Qf3+ Kg8 30. Re1 Qd7 31. Qa8+ Kf7 32. Qf3+ Kg6 33. Re3 h6 34. Ke2 Qc8 35. Kd2 Qc4 36. Re4 Qb4+ 37. Kc2 Qc5+ 38. Kb1 Rd5 39. Re6+ Kh7 40. Qe4+ Kg8 41. Re8+ Kf7 42. Qe6# 1-0

[Event "GER-chB U25"]
[Site "Oberhof"]
[Date "2011.06.14"]
[Round "4"]
[White "Eue, Vicky"]
[Black "Martin, Raphael"]
[Result "0-1"]
[WhiteElo "1296"]
[BlackElo "1431"]
[PlyCount "124"]
[EventDate "2011.06.11"]
[EventType "swiss"]
[EventRounds "9"]
[EventCountry "GER"]
[SourceTitle "CBM 142 Extra"]
[Source "ChessBase"]
[SourceDate "2011.06.27"]
[SourceVersion "1"]
[SourceVersionDate "2011.06.27"]
[SourceQuality "1"]

1. e4 e5 2. Nf3 Nc6 3. Bb5 a6 4. Ba4 Nf6 5. 0-0 Be7 6. Re1 b5 7. Bb3 0-0 8. c3 d6 9. h3 Re8 10. d4 Bb7 11. Nbd2 exd4 12. cxd4 Bf8 13. Ng5 Re7 14. Nf1 h6 15. Nf3 Rxe4 16. Rxe4 Nxe4 17. Bc2 Nf6 18. Ng3 Qe7 19. Qd3 Nb4 20. Nf5 Nxd3 21. Nxe7+ Bxe7 22. Bxd3 Re8 23. Be3 Nd5 24. Bd2 Bf6 25. Kf1 Nb6 26. Be3 Bxf3 27. gxf3 Nd5 28. Re1 Nxe3+ 29. fxe3 c5 30. dxc5 dxc5 31. b3 Rd8 32. Rd1 c4 33. bxc4 bxc4 34. Bc2 Rxd1+ 35. Bxd1 c3 36. Ke2 Kf8 37. Kd3 Ke7 38. Kc4 Kd7 39. Kc5 Ke6 40. Bc2 Ke5 41. f4+ Ke6 42. Bb3+ Kf5 43. Bc2+ Ke6 44. Bb3+ Kd7 45. Kb6 Kd6 46. Kxa6 Kc5 47. Kb7 Kb4 48. Kc6 Ka3 49. Kd7 Kb2 50. Ke8 c2 51. Bxc2 Kxc2 52. Kxf7 Kd3 53. Kg6 Kxe3 54. f5 Kf4 55. a4 Ke5 56. h4 Kd5 57. h5 Kc5 58. a5 Kb5 59. a6 Kxa6 60. Kf7 Kb5 61. Ke6 Kc4 62. Kd7 Kd5 0-1

[Event "GER-chB U25"]
[Site "Oberhof"]
[Date "2011.06.14"]
[Round "6"]
[White "Eue, Vicky"]
[Black "Moeller, Jared William"]
[Result "1-0"]
[WhiteElo "1296"]
[BlackElo "893"]
[PlyCount "95"]
[EventDate "2011.06.11"]
[EventType "swiss"]
[EventRounds "9"]
[EventCountry "GER"]
[SourceTitle "CBM 142 Extra"]
[Source "ChessBase"]
[SourceDate "2011.06.27"]
[SourceVersion "1"]
[SourceVersionDate "2011.06.27"]
[SourceQuality "1"]

1. e4 e5 2. Nf3 Nf6 3. d4 exd4 4. e5 Ne4 5. Qxd4 Nc5 6. Bg5 Nc6 7. Bxd8 Nxd4 8. Nxd4 Kxd8 9. Bc4 Ne6 10. Nxe6+ dxe6 11. Nc3 Bb4 12. 0-0-0+ Ke7 13. Ne4 Bd7 14. a3 Ba5 15. Nc5 Bc6 16. Nb3 Bb6 17. f3 Rad8 18. Be2 Be3+ 19. Kb1 a6 20. Na5 Bd5 21. c4 Bc6 22. Nxc6+ bxc6 23. g3 f6 24. exf6+ gxf6 25. b4 e5 26. Kc2 Rd4 27. Rxd4 exd4 28. f4 Kd6 29. c5+ Kd5 30. Kd3 Re8 31. Bf3+ Ke6 32. Bxc6 Rf8 33. Rb1 Kf5 34. Be4+ Kg4 35. h3+ Kxg3 36. f5 h5 37. b5 axb5 38. Rxb5 Kxh3 39. a4 Kg3 40. a5 Ra8 41. Bxa8 h4 42. Be4 h3 43. a6 h2 44. a7 c6 45. a8Q cxb5 46. Qg8+ Kf2 47. Qg2+ Ke1 48. Qe2# 1-0

[Event "GER-chB U25"]
[Site "Oberhof"]
[Date "2011.06.14"]
[Round "5"]
[White "Morio, Estelle"]
[Black "Eue, Vicky"]
[Result "1-0"]
[WhiteElo "1012"]
[BlackElo "1296"]
[PlyCount "81"]
[EventDate "2011.06.11"]
[EventType "swiss"]
[EventRounds "9"]
[EventCountry "GER"]
[SourceTitle "CBM 142 Extra"]
[Source "ChessBase"]
[SourceDate "2011.06.27"]
[SourceVersion "1"]
[SourceVersionDate "2011.06.27"]
[SourceQuality "1"]

1. f4 Nf6 2. Nf3 e6 3. e3 d5 4. Be2 Bd6 5. 0-0 0-0 6. b3 Nc6 7. Bb2 Re8 8. Ne5 Bxe5 9. fxe5 Nd7 10. d4 a6 11. Nd2 f6 12. exf6 Nxf6 13. Qe1 Rf8 14. c4 Ne7 15. Ba3 Rf7 16. Nf3 Ne4 17. Bd3 Nc6 18. Bxe4 dxe4 19. Nd2 b5 20. Nxe4 b4 21. Bb2 Bd7 22. Nc5 Qe7 23. Nxd7 Qxd7 24. Rxf7 Qxf7 25. Qg3 Rd8 26. Rf1 Qe7 27. Rd1 g6 28. e4 a5 29. d5 exd5 30. exd5 Qe2 31. Rb1 Qc2 32. Qe1 Ne7 33. Qe6+ Kf8 34. Rf1+ Ke8 35. Bf6 Rd7 36. Re1 Kd8 37. Bxe7+ Kc8 38. Qa6+ Kb8 39. Bg5 c6 40. Bf4+ Rc7 41. Re8# 1-0

[Event "GER-chB U25"]
[Site "Oberhof"]
[Date "2011.06.13"]
[Round "3"]
[White "Ter Stal, Esther"]
[Black "Eue, Vicky"]
[Result "0-1"]
[WhiteElo "847"]
[BlackElo "1296"]
[PlyCount "64"]
[EventDate "2011.06.11"]
[EventType "swiss"]
[EventRounds "9"]
[EventCountry "GER"]
[SourceTitle "CBM 142 Extra"]
[Source "ChessBase"]
[SourceDate "2011.06.27"]
[SourceVersion "1"]
[SourceVersionDate "2011.06.27"]
[SourceQuality "1"]

1. d4 Nf6 2. Nf3 e6 3. e3 d5 4. Bd3 c5 5. c3 Nc6 6. Nbd2 Bd7 7. 0-0 Be7 8. Re1 cxd4 9. cxd4 Bd6 10. h3 0-0 11. e4 dxe4 12. Nxe4 Nxe4 13. Bxe4 h6 14. Bc2 Rc8 15. Qd3 f5 16. a3 Qc7 17. Bd2 e5 18. dxe5 Nxe5 19. Nxe5 Bxe5 20. Bb3+ Kh8 21. Rac1 Bc6 22. Rc2 Rcd8 23. Qe3 Bh2+ 24. Kh1 f4 25. Qe5 f3 26. Qxh2 fxg2+ 27. Kg1 Qb6 28. Qg3 Rd3 29. Be3 Qxb3 30. Rc3 Qd1 31. Rxd1 Rxd1+ 32. Kh2 Rh1# 0-1